Riziko v rozhodovacom procese

Praktické príklady na výber vhodného princípu rozhodovania podľa pripravenosti znášať riziko. Teoretické poznatky potrebné na riešenie príkladov.

Guardado en:
Detalles Bibliográficos
Autor principal: Čunderlík, Dušan
Formato: Capítulo de libro
Lenguaje:eslovaco
Materias:
Etiquetas: Agregar Etiqueta
Sin Etiquetas, Sea el primero en etiquetar este registro!

MARC

LEADER 00000naa a2200000 4500
001 r023321
005 20230801105940.7
041 0 |a slo 
044 |a SK 
245 1 0 |a Riziko v rozhodovacom procese  |c Dušan Čunderlík 
520 |a Praktické príklady na výber vhodného princípu rozhodovania podľa pripravenosti znášať riziko. Teoretické poznatky potrebné na riešenie príkladov. 
610 2 0 |a procesy rozhodovacie 
610 2 0 |a riziko 
610 2 0 |a matice 
100 1 |a Čunderlík, Dušan